[Event "Rodostosah GM 2019"]
[Site "Tekirdag"]
[Date "2019.02.16"]
[Round "10.1"]
[White "Annageldyev, Orazly"]
[Black "Gokerkan, Cem Kaan"]
[Result "1/2-1/2"]
[WhiteElo "2377"]
[BlackElo "2423"]
[Annotator "TA"]
[PlyCount "91"]
[EventDate "2019.02.08"]
[EventType "schev"]
[EventCountry "TUR"]
[SourceTitle "playchess.com"]
[Source "ChessBase"]
[SourceQuality "1"]

{[%evp 9,91,-1,12,0,8,-16,-22,-19,-9,-34,-35,-88,-96,-90,-91,-112,-108,-98,-105,-170,-177,-175,-166,-183,-162,-302,-277,-316,-314,-268,-207,-193,-216,-238,-227,-272,-265,-262,-255,-291,-243,-266,-255,-252,-244,-253,7,14,18,7,60,-36,0,6,139,-51,0,-25,-29,-50,-25,-29,0,0,0,0,0,0,0,0,0,0,0,0,0,0,0,0,0,0,0,0,0,0]} 1. d4 Nf6 2. Bf4 d5 3. e3 c5 4. Nd2 Nc6 5. c3 Bf5 (5... Qb6 6. Qb3 Nh5 7. Qxb6 axb6 8. Bc7 cxd4 9. exd4 e5 10. Bxe5 Nxe5 11. dxe5 Bc5 12. g3 O-O {1-0 (76) Aronian,L (2765)-Caruana,F (2832) London 2018}) 6. Qb3 {D00: 1 d4 d5: Unusual lines} Qc8 7. h3 e6 8. Ngf3 h6 9. g4 $146 ({Predecessor:} 9. Be2 Be7 10. O-O O-O 11. dxc5 Bxc5 12. c4 Na5 {1-0 (30) Savchenko,B (2562)-Tregubov,P (2588) Moscow 2018}) 9... Bh7 10. g5 ({Better is} 10. Ne5 $15) 10... hxg5 $17 11. Nxg5 Bg6 12. Rg1 c4 13. Qd1 b5 {[%cal Bb7b5,Bb5b4][%mdl 32]} 14. f3 (14. Ndf3 $17) 14... b4 $19 15. e4 Be7 16. Qe2 O-O 17. Qg2 (17. Qe3 {was necessary.}) 17... Nh5 18. Bh2 bxc3 19. bxc3 Ba3 20. Rd1 Re8 $1 21. Nb1 Bf8 22. Be2 e5 23. dxe5 Nxe5 24. Rxd5 Qb7 25. Nd2 {[%cal Bb1d2,Bd2b3,Bb3d4][%mdl 32] [#]} ({Of course not} 25. Bxe5 Rxe5 26. Rxe5 Qxb1+ 27. Kf2 Qb8 $17) 25... Nd3+ $1 {[%mdl 512]} 26. Bxd3 cxd3 27. Rxd3 {[#]} Qb2 $2 (27... Bc5 $1 $19 28. Rf1 Qb2) 28. Nb3 $11 Qa3 $1 29. Qd2 a5 (29... Qa6 $11) 30. Ke2 (30. Nd4 $1 $14) 30... a4 {[%mdl 1024] Black has compensation.} 31. Nd4 Qc5 (31... Rab8 $11 32. c4 (32. Bxb8 Rxb8 33. Qe3 Qxa2+ 34. Rd2 Qc4+ 35. Kf2 a3 $11) 32... Rb2 33. Rxa3 Rxd2+ 34. Kxd2 Bxa3) 32. Rb1 $2 ({Only move:} 32. Nge6 $1 $16 {[%cal Re6c5]} fxe6 33. Rxg6) 32... Be7 (32... Qc4 $15) 33. Rb5 Qc4 34. h4 Rad8 35. Rb7 f5 36. Rc7 {The position is equal.} Bc5 {[%cal Rf5e4]} 37. Nxf5 Rxd3 ({Not} 37... Bxf5 $2 {[#]} 38. Rxc5 $1 {[%mdl 512]} Qxc5 39. Rxd8 $18) 38. Qxd3 Qxa2+ 39. Kd1 Qxh2 40. Qc4+ Kh8 41. Rxc5 a3 {And now ...a2 would win.} 42. Nf7+ Kh7 {White must now prevent ...Qg1+.} 43. Ng5+ Kh8 {Hoping for ...a2.} 44. Nf7+ Kh7 {aiming for ...Qg1+.} 45. Ng5+ Kh8 {...a2 is the strong threat.} 46. Nf7+ {Accuracy: White = 43%, Black = 56%.} 1/2-1/2

[Event "Rodostosah GM 2019"]
[Site "Tekirdag"]
[Date "2019.02.16"]
[Round "10.2"]
[White "Pikula, Dejan"]
[Black "Kamer, Kayra"]
[Result "1/2-1/2"]
[WhiteElo "2477"]
[BlackElo "2419"]
[Annotator "RC"]
[PlyCount "104"]
[EventDate "2019.02.08"]
[EventType "schev"]
[EventCountry "TUR"]
[SourceTitle "playchess.com"]
[Source "ChessBase"]
[SourceQuality "1"]
[TimeControl "5400+30"]

1. d4 Nf6 2. Bf4 g6 3. Nc3 d5 4. e3 Bg7 5. h4 h5 6. Nf3 Bg4 7. Be2 c6 8. Ne5 Bxe2 9. Qxe2 Nbd7 10. O-O-O Qa5 11. Kb1 Nxe5 12. Bxe5 b5 13. Qf3 b4 14. Ne2 Qb5 15. Nf4 a5 16. Bxf6 Bxf6 17. Nd3 a4 18. b3 axb3 19. cxb3 Ra3 20. Rd2 O-O 21. Qe2 Rfa8 22. f4 Qa5 23. Rb2 e6 24. g3 Be7 25. Rc1 Ra6 26. Nc5 Bxc5 27. Rxc5 Qb6 28. g4 hxg4 29. Qxg4 R6a5 30. h5 Rxc5 31. hxg6 Qb5 32. gxf7+ Kxf7 33. Qh5+ Ke7 34. Qh7+ Kd6 35. dxc5+ Qxc5 36. Qb7 Qb5 37. Qxb5 cxb5 38. Kc2 Ra8 39. Kd3 Rc8 40. Rh2 Rc3+ 41. Kd2 d4 42. exd4 Rf3 43. Rh5 Rxf4 44. Ke3 Rf5 45. Rxf5 exf5 46. Kf4 Kd5 47. Kxf5 Kxd4 48. Ke6 Kc3 49. Kd5 Kb2 50. Kc5 Kxa2 51. Kxb4 Kb2 52. Kxb5 Kxb3 1/2-1/2

[Event "Rodostosah GM 2019"]
[Site "Tekirdag"]
[Date "2019.02.16"]
[Round "10.3"]
[White "Stankovic, Milos"]
[Black "Ozen, Deniz"]
[Result "1-0"]
[WhiteElo "2453"]
[BlackElo "2410"]
[Annotator "TA"]
[PlyCount "105"]
[EventDate "2019.02.08"]
[EventType "schev"]
[EventCountry "TUR"]
[SourceTitle "playchess.com"]
[Source "ChessBase"]
[SourceQuality "1"]

{[%evp 18,105,14,15,29,17,14,6,34,0,0,2,29,30,83,28,32,33,34,33,40,37,36,43,47,23,49,24,22,10,45,39,61,46,118,138,137,153,212,200,192,188,211,212,711,710,680,647,769,759,1105,1087,2726,2458,1458,1015,1030,1019,1586,988,1002,990,875,1024,1011,1004,1011,875,1010,1012,997,964,959,929,2523,947,951,951,1845,1877,2678,2536,2801,2801,1893,1664,6039,5928,5781,5501]} 1. e4 {[%cal Be2e4,Be4e5][%mdl 32]} e6 2. d4 d5 3. Nc3 Nf6 4. Bg5 Bb4 5. e5 h6 6. Bh4 g5 7. Bg3 Ne4 8. Nge2 h5 {C12: French: Classical System: McCutcheon Variation} (8... c5 9. a3 Bxc3+ 10. Nxc3 Qa5 11. dxc5 Nc6 12. Qd3 a6 13. O-O-O Nxc3 14. Qxc3 Qxc3 15. bxc3 Bd7 16. h4 {½-½ (66) Popov,I (2596)-Morozevich,A (2683) Moscow 2016}) 9. f3 Nxg3 10. hxg3 {LiveBook: 3 Games} Be7 {The position is equal.} 11. Qd2 c5 $146 ({Predecessor:} 11... Bd7 12. f4 c5 13. dxc5 Nc6 14. Nd4 Nxd4 15. Qxd4 Rc8 16. O-O-O Bxc5 {½-½ (36) Fraczek,D (2277)-Kipper,J (2383) FICGS email 2010}) 12. f4 Nc6 13. O-O-O c4 14. fxg5 Bxg5 15. Nf4 a6 (15... Qa5 $1 $11 {keeps the balance.}) 16. Be2 ({Better is} 16. Kb1 $16) 16... Bd7 $11 17. Bxh5 Qe7 18. Kb1 O-O-O 19. Qf2 Kb8 20. Bf3 Bc8 21. Rh3 Qc7 22. Nce2 b5 23. Rh5 Rxh5 24. Bxh5 Rh8 25. Qf3 $36 {[%mdl 2048] White fights for an advantage.} b4 (25... Nd8 $14) 26. Nh3 $16 Be7 27. Qxf7 b3 (27... Bd7 $16) 28. cxb3 cxb3 29. axb3 Qb6 30. Rc1 {Bg4 is the strong threat.} Rf8 $2 {[#]} (30... Bb4 31. Bg4 Rf8) 31. Rxc6 $1 $18 {White is clearly winning.} Qxc6 32. Qxe7 Rf1+ 33. Ka2 Qc2 34. Nc3 Qxg2 35. Qd6+ Ka8 36. Be8 Qh1 37. b4 Ra1+ 38. Kb3 {[#] Threatening mate with Bc6+.} Qf1 39. Bc6+ Bb7 40. Bxb7+ Kxb7 41. Qxe6 Qc4+ 42. Kc2 Rh1 43. Qf7+ Kb8 44. Nf2 Rh2 45. Qf4 Qf1 46. Ncd1 Qc4+ 47. Kb1 Qxb4 48. e6+ Kc8 49. Nd3 Qa4 50. Qf8+ Kc7 51. Qc5+ Kb8 52. Qb4+ Qxb4 53. Nxb4 {Precision: White = 66%, Black = 55%.} 1-0

[Event "Rodostosah GM 2019"]
[Site "Tekirdag"]
[Date "2019.02.16"]
[Round "10.4"]
[White "Lajthajm, Borko"]
[Black "Can, Isik"]
[Result "1/2-1/2"]
[WhiteElo "2431"]
[BlackElo "2382"]
[Annotator "NA"]
[PlyCount "114"]
[EventDate "2019.02.08"]
[EventType "schev"]
[EventCountry "TUR"]
[SourceTitle "playchess.com"]
[Source "ChessBase"]
[SourceQuality "1"]
[TimeControl "5400+30"]

1. e4 c6 2. d4 d5 3. f3 g6 4. Nc3 Bg7 5. Be3 Qb6 6. a3 {LiveBook: 14 Games B15: Caro-Kann: 3 Nc3: 3...g6 and 3...dxe4 4 Nxe4 Nf6 5 Nxf6+ exf6} (6. Qd2 Qxb2 7. Rb1 Qa3 8. exd5 Nf6 9. dxc6 bxc6 10. Bd3 O-O 11. Nge2 Nbd7 12. O-O Ba6 13. Rb3 Qa5 14. Ne4 Qxd2 15. Bxd2 Bxd3 16. cxd3 {½-½ (27) Najer,E (2706)-Rozum,I (2573) Sochi 2017}) 6... dxe4 (6... e5 $11) 7. fxe4 e5 8. Nf3 Bg4 9. Bc4 exd4 $1 $146 ({Predecessor:} 9... Qc7 10. d5 Nh6 11. Qd2 Bxf3 12. gxf3 Ng8 13. O-O-O Nf6 14. dxc6 bxc6 {½-½ (31) Lappage,J (2208)-Georghiou,P (2258) Basingstoke 2001}) 10. Bxd4 Bxd4 11. Qxd4 Qxd4 12. Nxd4 Nd7 13. h3 Ne5 14. Bb3 Rd8 15. Nxc6 bxc6 16. hxg4 Nxg4 17. Ba4 Ne5 18. Nd5 Kf8 19. Nb4 Ne7 20. Rd1 Kg7 21. O-O g5 22. Nd3 N7g6 23. b4 h5 24. Bb3 h4 25. a4 h3 26. gxh3 Rxh3 27. Nxe5 Rxd1 28. Rxd1 Nxe5 29. b5 cxb5 30. axb5 g4 31. Ra1 Nf3+ 32. Kf2 Nh4 33. Rg1 $11 ({Avoid the trap} 33. Rxa7 $2 g3+ 34. Ke2 Rh2+ 35. Kd3 g2 $19) 33... Rf3+ 34. Ke2 g3 35. e5 Rf2+ 36. Ke3 Rf3+ 37. Ke2 Kf8 38. e6 f5 39. Bd5 Rf2+ 40. Kd3 g2 41. Bxg2 Rxg2 42. Ra1 Rg7 43. c4 Rc7 44. Kd4 Ng6 45. c5 Ke7 46. b6 axb6 47. cxb6 Rc8 48. Kd5 Rd8+ 49. Kc6 Rd6+ 50. Kb5 Ne5 51. b7 Rd5+ 52. Kb6 Rd6+ 53. Kc5 Kxe6 54. Re1 Rd8 55. Kb6 f4 56. Kc7 Rd7+ 57. Kc8 Rxb7 1/2-1/2

[Event "Rodostosah GM 2019"]
[Site "Tekirdag"]
[Date "2019.02.16"]
[Round "10.5"]
[White "Bajarani, Ulvi"]
[Black "Ozenir, Ekin Baris"]
[Result "1-0"]
[WhiteElo "2420"]
[BlackElo "2262"]
[Annotator "TA"]
[PlyCount "102"]
[EventDate "2019.02.08"]
[EventType "schev"]
[EventCountry "TUR"]
[SourceTitle "playchess.com"]
[Source "ChessBase"]
[SourceQuality "1"]

{[%evp 22,102,47,41,36,48,70,62,62,71,106,78,77,77,95,68,201,204,206,197,206,199,200,203,178,196,248,262,243,241,243,241,206,123,119,115,165,120,123,101,219,210,219,206,224,205,317,310,314,312,308,279,289,293,432,424,425,407,1118,1066,1293,1138,1123,1123,1197,1094,1166,1182,29962,1681,29963,29963,12846,6649,29978,29979,29979,29980,29980,29981,29981,29982,29982]} 1. e4 e6 2. d4 d5 3. Nc3 dxe4 4. Nxe4 Bd7 5. Nf3 Bc6 6. Bd3 Nd7 7. O-O Ngf6 8. Ned2 Bxf3 {C10: French with 3 Nc3: Unusual Black 3rd moves and 3...dxe4} (8... Be7 9. Re1 b6 10. Nc4 Bb7 11. Nce5 O-O 12. Qe2 h6 13. Bf4 c5 14. Rad1 cxd4 15. Nxd4 Nxe5 16. Bxe5 Qd5 17. Qf1 {½-½ (73) Piorun,K (2653)-Duda,J (2724) Zgierz 2018}) 9. Qxf3 c6 10. Nc4 Be7 11. Bf4 O-O 12. c3 {LiveBook: 5 Games} Nd5 13. Bg3 $146 ({Predecessor:} 13. Qh3 g6 14. Bh6 Re8 15. Rfe1 b5 16. Nd2 Bg5 17. g3 Bxh6 18. Qxh6 {½-½ (29) Wells,P (2489)-Arkell,K (2521) Bradford 2002}) 13... c5 14. dxc5 Bxc5 15. Rad1 $40 {[%mdl 128] White has strong attack.} Qf6 16. Be4 (16. Qe2 {feels hotter.} Qe7 17. a3 f5 18. Ne5 Nxe5 19. Bxe5 Rae8 20. Rfe1) 16... Qxf3 17. Bxf3 N7f6 18. Na5 b6 ({Better is} 18... b5 $14) 19. Nb7 {And now c4 would win.} Rac8 20. Nxc5 bxc5 21. c4 Nb4 22. Bb7 Rcd8 23. Bd6 Rb8 (23... Rfe8 $142 24. Bxc5 Rb8) 24. Bxb8 $18 Rxb8 25. Rd2 g5 26. Bf3 g4 27. a3 (27. Bd1 $18) 27... gxf3 $16 28. axb4 fxg2 29. Kxg2 {[#] Black must now prevent b5.} Rxb4 {[%mdl 4096] Endgame KRR-KRN} 30. Rc1 Ng4 (30... Kg7 $16) 31. Rc3 $18 Ne5 32. Rd8+ Kg7 33. b3 Nc6 (33... Rb6 $142 34. Rg3+ Kf6) 34. Rc8 Rb6 35. Rg3+ Kf6 36. Rc7 Nd4 37. Rxc5 Rxb3 (37... Rb7 {was necessary.} 38. Rd3 Nc2) 38. Rxb3 Nxb3 {KR-KN} 39. Rb5 Nd2 (39... Nd4 $142) 40. c5 {[%cal Bc4c5,Bc5c6][%mdl 32]} Nc4 41. c6 Ke7 42. Rb7+ Kd6 43. Rxa7 Ne5 44. f4 Ng6 45. Kg3 (45. Rxf7 $142 Kxc6 46. Kg3 h5 47. Rf6 h4+ 48. Kh3 Nxf4+ 49. Rxf4 e5 50. Rxh4) 45... Kxc6 46. Rxf7 Kd5 47. Rxh7 Ke4 48. Rf7 {White mates.} e5 49. fxe5 Kxe5 50. h4 Ke6 51. Rf1 Ne7 {Precision: White = 87%, Black = 42%.} 1-0